书目信息 |
| 题名: |
壳聚糖
|
|
| 作者: | 蒋挺大 | |
| 分册: | ||
| 出版信息: | 北京 化学工业出版社环境科学与工程出版中心 2001 |
|
| 页数: | 227 | |
| 开本: | 20cm | |
| 丛书名: | 资源化技术丛书 | |
| 单 册: | ||
| 中图分类: | Q539 | |
| 科图分类: | ||
| 主题词: | 碳水化合物--生物化学 | |
| 电子资源: | ||
| ISBN: | 7-5025-3143-2 | |
| 000 | 00578nam0 2200205 450 | |
| 001 | 0741144344 | |
| 005 | 20070817112544.34 | |
| 010 | @a7-5025-3143-2@d¥18.00 | |
| 100 | @a20070817d km y0chiy0120 ea | |
| 101 | 0 | @achi |
| 200 | 1 | @a壳聚糖@Ake ju tang@f蒋挺大@Fjiang ting da |
| 210 | @a北京@c化学工业出版社环境科学与工程出版中心@d2001 | |
| 215 | @a227@d20cm | |
| 225 | 2 | @a资源化技术丛书 |
| 410 | 0 | @12001 @a资源化技术丛书 |
| 606 | 0 | @a碳水化合物@x生物化学 |
| 690 | @aQ539@v3 | |
| 701 | 0 | @a蒋挺大@Ajiang ting da |
| 801 | 0 | @aCN@bPFT@c20070817 |
| 905 | @a213230@dQ539@en2@f1 | |
| 壳聚糖/蒋挺大.-北京:化学工业出版社环境科学与工程出版中心,2001 |
| 227;20cm.-(资源化技术丛书) |
| ISBN 7-5025-3143-2:¥18.00 |
| ● |
| 相关链接 |
|
|
|
|
正题名:壳聚糖
索取号:Q539/n2
 
预约/预借
| 序号 | 登录号 | 条形码 | 馆藏地/架位号 | 状态 | 备注 |
| 1 | 6600208 | 266002087 | 密集书库-生命科学系/ [索取号:Q539/n2] | 在馆 |